Statistiques concernant Pays européens les plus musulmans

Cliquez ici pour prendre le quiz!

Statistiques générales

  • Ce quiz a été pris 806 fois
  • Le résultat moyen est 6 sur 10

Statistiques - réponses

%pays% Correct
8,8France
97%
58,8Albanie
83%
95,6Kosovo
76%
50,7Bosnie-Herzégovine
71%
10 - 17Russie
59%
13,4Bulgarie
52%
19,1Monténégro
51%
8,1Suède
45%
8Autriche
24%
33,3Macédoine du Nord
15%

Distribution des résultats

Percentile par nombre de réponses

% des personnes avec chaque résultat

Votre développement - résultats

Vous n’avez pas pris ce quiz